<?xml version="1.0" encoding="UTF-8"?>
<collection xmlns="http://www.loc.gov/MARC21/slim">
 <record>
  <leader>01421nam a22002537a 4500</leader>
  <controlfield tag="001">NCT_4_020363</controlfield>
  <controlfield tag="008">250519b        xxu||||| |||| 00| 0 vie d</controlfield>
  <datafield tag="999" ind1=" " ind2=" ">
   <subfield code="c">8996</subfield>
   <subfield code="d">8996</subfield>
  </datafield>
  <datafield tag="020" ind1=" " ind2=" ">
   <subfield code="a">9786044883663</subfield>
   <subfield code="c">160000</subfield>
  </datafield>
  <datafield tag="082" ind1="0" ind2="4">
   <subfield code="2">23rd ed.</subfield>
   <subfield code="a">006.7</subfield>
   <subfield code="b">Ph110</subfield>
  </datafield>
  <datafield tag="100" ind1="1" ind2=" ">
   <subfield code="a">Nguyễn Hữu Phát</subfield>
  </datafield>
  <datafield tag="245" ind1="1" ind2="0">
   <subfield code="a">Kỹ thuật đa phương tiện</subfield>
   <subfield code="c">Nguyễn Hữu Phát (Chủ biên) ; Vương Hoàng Nam, Trần Mạnh Hoàng</subfield>
  </datafield>
  <datafield tag="260" ind1=" " ind2=" ">
   <subfield code="a">H.</subfield>
   <subfield code="b">Bách khoa Hà Nội</subfield>
   <subfield code="c">2024</subfield>
  </datafield>
  <datafield tag="300" ind1=" " ind2=" ">
   <subfield code="a">199 tr.</subfield>
   <subfield code="b">Minh họa</subfield>
   <subfield code="c">24cm</subfield>
  </datafield>
  <datafield tag="504" ind1=" " ind2=" ">
   <subfield code="a">Có tài liệu tham khảo</subfield>
  </datafield>
  <datafield tag="520" ind1="3" ind2=" ">
   <subfield code="a">Trình bày lý thuyết cơ sở nén ảnh, mã hoá video, mã hoá audio, thiết bị đa phương tiện, mạng multimedia</subfield>
  </datafield>
  <datafield tag="653" ind1=" " ind2=" ">
   <subfield code="a">Truyền thông đa phương tiện</subfield>
  </datafield>
  <datafield tag="700" ind1="1" ind2=" ">
   <subfield code="a">Vương Hoàng Nam</subfield>
  </datafield>
  <datafield tag="700" ind1="1" ind2=" ">
   <subfield code="a">Trần Mạnh Hoàng</subfield>
  </datafield>
  <datafield tag="942" ind1=" " ind2=" ">
   <subfield code="2">ddc</subfield>
   <subfield code="c">BK</subfield>
  </datafield>
  <datafield tag="952" ind1=" " ind2=" ">
   <subfield code="0">0</subfield>
   <subfield code="1">0</subfield>
   <subfield code="2">ddc</subfield>
   <subfield code="4">0</subfield>
   <subfield code="6">006_700000000000000_PH110</subfield>
   <subfield code="7">0</subfield>
   <subfield code="9">30786</subfield>
   <subfield code="a">000001</subfield>
   <subfield code="b">000001</subfield>
   <subfield code="d">2025-05-19</subfield>
   <subfield code="o">006.7 Ph110</subfield>
   <subfield code="p">MD.23930</subfield>
   <subfield code="r">2025-05-19</subfield>
   <subfield code="v">160000.00</subfield>
   <subfield code="w">2025-05-19</subfield>
   <subfield code="y">BK</subfield>
  </datafield>
  <datafield tag="952" ind1=" " ind2=" ">
   <subfield code="0">0</subfield>
   <subfield code="1">0</subfield>
   <subfield code="2">ddc</subfield>
   <subfield code="4">0</subfield>
   <subfield code="6">006_700000000000000_PH110</subfield>
   <subfield code="7">0</subfield>
   <subfield code="9">30787</subfield>
   <subfield code="a">000001</subfield>
   <subfield code="b">000001</subfield>
   <subfield code="d">2025-05-19</subfield>
   <subfield code="l">1</subfield>
   <subfield code="o">006.7 Ph110</subfield>
   <subfield code="p">MD.23931</subfield>
   <subfield code="r">2025-11-03</subfield>
   <subfield code="s">2025-10-21</subfield>
   <subfield code="v">160000.00</subfield>
   <subfield code="w">2025-05-19</subfield>
   <subfield code="y">BK</subfield>
  </datafield>
  <datafield tag="952" ind1=" " ind2=" ">
   <subfield code="0">0</subfield>
   <subfield code="1">0</subfield>
   <subfield code="2">ddc</subfield>
   <subfield code="4">0</subfield>
   <subfield code="6">006_700000000000000_PH110</subfield>
   <subfield code="7">0</subfield>
   <subfield code="9">30788</subfield>
   <subfield code="a">000001</subfield>
   <subfield code="b">000001</subfield>
   <subfield code="d">2025-05-19</subfield>
   <subfield code="o">006.7 Ph110</subfield>
   <subfield code="p">MD.23932</subfield>
   <subfield code="r">2025-05-19</subfield>
   <subfield code="v">160000.00</subfield>
   <subfield code="w">2025-05-19</subfield>
   <subfield code="y">BK</subfield>
  </datafield>
  <datafield tag="980" ind1=" " ind2=" ">
   <subfield code="a">Thư viện Trường Đại học Nam Cần Thơ</subfield>
  </datafield>
 </record>
</collection>
